00603nam a22001697a 4500020001800000082001500018100002100033245005200054260004600106300002300152500002000175650002800195700004000223942000700263999001700270952014600287 a9788131733325 a621.31 SIV aSivanagaraju, S. aGeneration and utilization of electrical energy aNew Delhi, IndiabPearson Educationc2010 axv, 569 p.bill. ; aIncludes index. aElectrical engineering. aReddy, M. Balasubba and Srilatha D. cBK c12628d12628 001040708NFICaCLbCLcGENd2013-12-27eAllied Book Companyg460.00l2m1o621.31 SIVpSEECS013042r2019-12-31s2016-08-05w2014-01-13yBK